Catálogo
 En Linea

50 aniversario: (Registro nro. 55410)

Detalles MARC
000 -CABECERA
campo de control de longitud fija 01553nam a2200253 i 4500
003 - IDENTIFICADOR DEL NÚMERO DE CONTROL
campo de control DO-SdBNP
005 - FECHA Y HORA DE LA ÚLTIMA TRANSACCIÓN
campo de control 20231108081027.0
006 - CÓDIGOS DE INFORMACIÓN DE LONGITUD FIJA--CARACTERÍSTICAS DEL MATERIAL ADICIONAL
campo de control de longitud fija a||||gr|||| 00| 0
007 - CAMPO FIJO DE DESCRIPCIÓN FÍSICA--INFORMACIÓN GENERAL
campo de control de longitud fija ta
008 - DATOS DE LONGITUD FIJA--INFORMACIÓN GENERAL
campo de control de longitud fija 231107e19481998dr aoc|| |||| 00| 0 spa d
040 ## - FUENTE DE LA CATALOGACIÓN
Centro catalogador/agencia de origen DO-SdBNP
Lengua de catalogación spa
Centro/agencia transcriptor BNPHU
Normas de descripción rda
082 #4 - NÚMERO DE LA CLASIFICACIÓN DECIMAL DEWEY
Número de edición 22
Número de documento/Ítem R426f
110 1# - ENTRADA PRINCIPAL--NOMBRE DE ENTIDAD CORPORATIVA
Nombre de entidad corporativa o nombre de jurisdicción como elemento de entrada República Dominicana.
Unidad subordinada Fuerza Aérea Dominicana
9 (RLIN) 82163
Término indicativo de función/relación autor
245 10 - MENCIÓN DE TÍTULO
Título 50 aniversario:
Resto del título 1948 - 1998. /
246 14 - FORMA VARIANTE DE TÍTULO
Título propio/Titulo breve Cincuenta aniversario:
Resto del título mil novecientos cuarenta y ocho - mil novecientos noventa y ocho:
264 ## - PRODUCCIÓN, PUBLICACIÓN, DISTRIBUCIÓN, FABRICACIÓN Y COPYRIGHT
Producción, publicación, distribución, fabricación y copyright Santo Domigo :
Nombre del de productor, editor, distribuidor, fabricante Órgano Informativo de la Fuerza Aérea Dominicana,
Fecha de producción, publicación, distribución, fabricación o copyright 1998
300 ## - DESCRIPCIÓN FÍSICA
Extensión 72 páginas :
Otras características físicas Ilustraciones, fotografía, retratos ;
Dimensiones 30 cm.
336 ## - TIPO DE CONTENIDO
Fuente rdacontent
Término de tipo de contenido texto
Código de tipo de contenido txt
337 ## - TIPO DE MEDIO
Fuente rdamedia
Nombre/término del tipo de medio sin mediación
Código del tipo de medio n
338 ## - TIPO DE SOPORTE
Fuente rdacarrier
Nombre/término del tipo de soporte volumen
Código del tipo de soporte nc
505 ## - NOTA DE CONTENIDO CON FORMATO
Nota de contenido con formato Padres de la Patria.
Título Saludos al Sr. Presidente.--
-- Carta del Secretario FF.AA.--
-- Carta del jefe de Estado Mayor.--
-- El vuelo Panamericano.-- Historia de Evolución de la FAD.-- Misión de la FAD.-- Jefes de Estado Mayor de la FAD.-- Organización actual y Organigrama FAD.-- Comando aéreo.-- Escuadrón de Combate.-- Escuadrón de rescate.-- Escuadrón de Transporte aéreo.-- Comando aéreo Norte.-- Comando de mantenimiento.--
-- Comando de seguridad de base.-- Comando de Fuerzas Especiales.--Comando de apoyo.-- La FAD y la educación.-- prof. y entrenamiento.-- La FAD y la y la Salud.-- Rol de la mujer en la FAD.-- La FAD y los deportes.-- Instalaciones.-- Colofón.
590 ## - NOTA LOCAL (RLIN)
Nota local Inventariado 2023 / MF
942 ## - ELEMENTOS DE PUNTO DE ACCESO ADICIONAL (KOHA)
Fuente del sistema de clasificación o colocación Dewey Decimal Classification
Tipo de ítem Koha Libro
Existencias
Estado de retiro Estado de pérdida Fuente del sistema de clasificación o colocación Restricciones de uso No para préstamo Código de colección Localización permanente Ubicación/localización actual Ubicación en estantería Fecha de adquisición Fuente de adquisición Total de préstamos Signatura topográfica completa Código de barras Fecha visto por última vez Precio válido a partir de Tipo de ítem Koha
    Dewey Decimal Classification Excluido de préstamo   Patrimonio Dominicano Biblioteca Nacional Pedro Henríquez Ureña Biblioteca Nacional Pedro Henríquez Ureña En catalogación 07.07.2018 Donado por CERTV   R426f 2023-7629 07.11.2023 07.11.2023 Libro

Con tecnología Koha